| 000 | 00960cam a22002657a 4500 | ||
|---|---|---|---|
| 003 | CHAP | ||
| 005 | 20220329134711.0 | ||
| 008 | 971013s1979 r 00010 d | ||
| 010 | _a24426 | ||
| 011 | _a25398 | ||
| 035 | _a29498 | ||
| 040 | _cCHAP | ||
| 082 |
_a634.13 _bI57 |
||
| 110 |
_aInstitut National de Vulgarisation pour les Fruits, Legumes et Champignons. Paris _959012 |
||
| 245 | 1 | 3 |
_aLe poirier _b: acquisitions recentes sur les techniques de production de la poire |
| 260 |
_aParis : _bInstitut de Vulgarisation pour les Fruits, Legumes et Champignons, _c1979 |
||
| 300 |
_a152 p. _b: ilus |
||
| 500 | _aPonencias presentadas en: Jounees Fruitieres d'avignon. Montforet, 1978 | ||
| 590 |
_aBATCH-UPD _b10 _c20130110 _lUCH01 _h2114 |
||
| 590 |
_aCONVERSION _b10 _c20130109 _lUCH01 _h1314 |
||
| 650 | 1 | 4 |
_aPera. _986959 |
| 901 | _aBK | ||
| 942 | _cLIBRO | ||
| 949 |
_a634.13 I57 _bBC _cLIBRO _d33724000203899 _eLIBRO _h59011 _i29498 _mDirecto _si _t483.00 |
||
| 999 |
_c24426 _d24426 |
||